| 000 | 01428cam a22003017a 4500 | ||
|---|---|---|---|
| 005 | 20160112043954.0 | ||
| 008 | 030203s2002 nyuab 001 0 eng d | ||
| 020 | _a0766854388 (pbk.) | ||
| 040 |
_aCOM _cCOM _dGZM _dOCLCQ _dDLC _dCO-BoIAVH |
||
| 041 | _aeng | ||
| 042 | _alccopycat | ||
| 082 | 0 | 0 |
_a910.2855133 _bR16d |
| 100 | 1 |
_aRalston, Bruce A. _916989 |
|
| 245 | 1 | 0 |
_aDeveloping GIS solutions with MapObjects and Visual Basic / _cBruce A. Ralston. |
| 260 |
_aAlbany, N.Y. : _bOnWord Press, _cc2002. |
||
| 300 |
_axii, 315 paginas. : _bilustraciones., mapas ; _c24 x 19 cm. + _e1 computer optical disc (4 3/4 in.) |
||
| 538 | _aSystem requirements: Microsoft Internet Information Server, Microsoft Peer Web Services, Microsoft Personal Web Server, Netscape Enterprise Server, or Netscape FastTrack; Unix platform: Netscape Enterprise Server or Netscape FastTrack Server). | ||
| 630 | 0 | 0 |
_aMapObjects. _949422 |
| 630 | 0 | 0 |
_amapa de objetos _949423 |
| 630 | 0 | 0 |
_aVisual Basic. _949424 |
| 650 | 0 |
_aGeographic information systems. _91199 |
|
| 650 | 0 |
_aSistema de información geográfica _949333 |
|
| 650 | 0 |
_aDigital mapping. _949425 |
|
| 650 | 0 |
_acartografía digital. _949426 |
|
| 906 |
_a7 _bcbc _ccopycat _d3 _encip _f20 _gy-gencatlg |
||
| 942 |
_2ddc _cLIBRO |
||
| 999 |
_c2680 _d2680 |
||